[Event "M.Chigorin Memorial 2017 "]
[Site "?????-?????????"]
[Date "2017.10.24"]
[Round "4"]
[Board "143"]
[White "Novitckii, Andrei"]
[Black "Poznyak, Nazar"]
[Result "0-1"]
[WhiteElo "1688"]
[BlackElo "2014"]
[PlyCount "106"]
[EventDate "2017.10.21"]
[EventRounds "9"]
[EventCountry "RUS"]

1. d4 Nf6 2. c4 c5 3. d5 b5 4. cxb5 a6 5. b6 d6 6. Nc3 g6 7. e4 Nbd7 8. a4 Qxb6
9. a5 Qd8 10. f4 Bg7 11. Nf3 O-O 12. Be2 Ne8 13. Nd2 Nc7 14. O-O Nb5 15. Nxb5
axb5 16. Bxb5 Rxa5 17. Rxa5 Qxa5 18. Qe2 Nb6 19. Bd3 Qb4 20. Nc4 Ba6 21. Nxb6
Bxd3 22. Qxd3 Qxb6 23. Rf2 c4 24. Be3 cxd3 25. Bxb6 Rb8 26. Be3 Bxb2 27. Rd2
Rb3 28. Kf2 e6 29. Kf3 exd5 30. exd5 Kf8 31. Ke4 f5+ 32. Kf3 Ke8 33. Rd1 Bf6
34. h3 Kd7 35. g4 Kc7 36. gxf5 gxf5 37. Bf2 Kb7 38. h4 Ka6 39. Ke3 Kb5 40. Rxd3
Rxd3+ 41. Kxd3 h5 42. Be1 Kc5 43. Bf2+ Kxd5 44. Bg3 Bd4 45. Be1 Bc5 46. Bg3 Bg1
47. Be1 Bh2 48. Ke3 Kc4 49. Kf3 Bg1 50. Ke2 d5 51. Bd2 Kd4 52. Bb4 Ke4 53. Bd2
Bh2  0-1

[Event "M.Chigorin Memorial 2017 "]
[Site "?????-?????????"]
[Date "2017.10.24"]
[Round "4"]
[Board "144"]
[White "Gagare, Shalmali"]
[Black "Fedorov, Ivan"]
[Result "1-0"]
[WhiteElo "2013"]
[BlackElo "1745"]
[PlyCount "91"]
[EventDate "2017.10.21"]
[EventRounds "9"]
[EventCountry "RUS"]

1. d4 d6 2. g3 e5 3. Bg2 Ne7 4. c4 Ng6 5. Nf3 e4 6. Nfd2 e3 7. fxe3 Be7 8. Nc3
Nc6 9. Nf3 Bg4 10. e4 O-O 11. Be3 a6 12. Qd2 Rb8 13. O-O Qd7 14. Nd5 Bd8 15.
Nf4 Bxf3 16. exf3 Bg5 17. Bh3 Qd8 18. Nxg6 Bxe3+ 19. Qxe3 hxg6 20. f4 b5 21.
Rac1 Na5 22. b3 bxc4 23. bxc4 Re8 24. e5 c6 25. Qc3 d5 26. c5 f5 27. Rf2 Nb7
28. Rb2 Qa5 29. Qxa5 Nxa5 30. Rcb1 Rxb2 31. Rxb2 Nc4 32. Rb7 a5 33. Kf2 a4 34.
Bf1 Nd2 35. Bd3 a3 36. Ke3 Ne4 37. Bxe4 fxe4 38. Rb6 Ra8 39. Rxc6 Ra4 40. Rd6
Rb4 41. Rxd5 Rb2 42. Rd8+ Kf7 43. Kxe4 Ke6 44. Rd6+ Ke7 45. Ra6 Rxa2 46. Kd5
 1-0

[Event "M.Chigorin Memorial 2017 "]
[Site "?????-?????????"]
[Date "2017.10.24"]
[Round "4"]
[Board "145"]
[White "Khlopushin, Dmitriy"]
[Black "Dmitriev, Vladimir"]
[Result "0-1"]
[WhiteElo "1668"]
[BlackElo "2013"]
[PlyCount "46"]
[EventDate "2017.10.21"]
[EventRounds "9"]
[EventCountry "RUS"]

1. e4 c6 2. d4 d5 3. Nc3 dxe4 4. Nxe4 Bf5 5. Ng3 Bg6 6. N1e2 e6 7. Nf4 Nf6 8.
h4 Bd6 9. h5 Bf5 10. Nxf5 exf5 11. Bc4 Qc7 12. Qe2+ Kd8 13. g3 Re8 14. Be3 Bxf4
15. gxf4 b5 16. Bd3 g6 17. O-O-O Qa5 18. Kb1 Nd5 19. Qd2 b4 20. hxg6 hxg6 21.
Bc4 Nd7 22. Rh7 N7f6 23. Qd3 Nxh7  0-1

[Event "M.Chigorin Memorial 2017 "]
[Site "?????-?????????"]
[Date "2017.10.24"]
[Round "4"]
[Board "146"]
[White "Sapegin, Yaroslav"]
[Black "Anisimov, Artem"]
[Result "1-0"]
[WhiteElo "2007"]
[BlackElo "1716"]
[PlyCount "135"]
[EventDate "2017.10.21"]
[EventRounds "9"]
[EventCountry "RUS"]

1. d4 Nf6 2. c4 c5 3. d5 e6 4. Nc3 exd5 5. cxd5 d6 6. g3 g6 7. Bg2 Bg7 8. Nf3
O-O 9. O-O Re8 10. Nd2 Na6 11. Nc4 Nc7 12. Bf4 Bf8 13. a4 Nh5 14. Qd2 Qf6 15.
Ne4 Qd4 16. Qxd4 cxd4 17. Bxd6 Nxd5 18. Bxf8 Rxf8 19. Rfd1 Nb4 20. Bf3 Be6 21.
Ned6 Bxc4 22. Nxc4 Rab8 23. Bxh5 gxh5 24. Rac1 Rbd8 25. Kf1 Rfe8 26. Na5 Rd7
27. Nb3 d3 28. e3 b6 29. Nd4 Kg7 30. Rc4 a5 31. h4 Kf6 32. Nc6 Na6 33. b4 axb4
34. Nxb4 Nc5 35. a5 bxa5 36. Rxc5 axb4 37. Rb5 Re4 38. Rxh5 Rc4 39. Rb5 Ke6 40.
Ke1 Rd6 41. Rb1 Rc2 42. R5xb4 Rdc6 43. Rd1 Ra2 44. Re4+ Kf5 45. Rf4+ Kg6 46.
Rxd3 Rc1+ 47. Rd1 Rcc2 48. Kf1 Rd2 49. Rxd2 Rxd2 50. Kg2 Ra2 51. Kf3 Ra5 52. g4
Rb5 53. g5 Kg7 54. Kg4 Rc5 55. h5 Rb5 56. h6+ Kf8 57. Rc4 Rb8 58. e4 Rd8 59. e5
Rb8 60. f4 Rd8 61. Kf5 Rb8 62. Rc6 Rd8 63. Kf6 Rb8 64. f5 Re8 65. Rc7 Rd8 66.
Rxf7+ Kg8 67. e6 Rd6 68. Rd7  1-0

[Event "M.Chigorin Memorial 2017 "]
[Site "?????-?????????"]
[Date "2017.10.24"]
[Round "4"]
[Board "147"]
[White "Kuznetsov, Roman"]
[Black "Ageeva, Vasilisa"]
[Result "1-0"]
[WhiteElo "2004"]
[BlackElo "1649"]
[PlyCount "53"]
[EventDate "2017.10.21"]
[EventRounds "9"]
[EventCountry "RUS"]

1. e4 c5 2. b4 cxb4 3. a3 e5 4. Nf3 Nc6 5. Bb2 Qc7 6. Bb5 bxa3 7. Nxa3 Qb6 8.
Rb1 Qa5 9. Bxc6 dxc6 10. Nc4 Qa6 11. Nfxe5 Be6 12. Ra1 Qb5 13. Ra5 Qb4 14. Ba3
Qxa5 15. Nxa5 Bxa3 16. f4 Bb4 17. Qa1 f6 18. f5 Bc8 19. Nd3 Be7 20. Qc3 Rb8 21.
O-O Nh6 22. Qb3 c5 23. Nf4 b6 24. Nd5 Bd6 25. Nc4 Nf7 26. Nxd6+ Nxd6 27. Qg3
 1-0

[Event "M.Chigorin Memorial 2017 "]
[Site "?????-?????????"]
[Date "2017.10.24"]
[Round "4"]
[Board "148"]
[White "Kundianok, Vladislav"]
[Black "Murzina, Agata"]
[Result "1-0"]
[WhiteElo "1993"]
[BlackElo "1637"]
[PlyCount "175"]
[EventDate "2017.10.21"]
[EventRounds "9"]
[EventCountry "RUS"]

1. e4 e5 2. Nf3 Nc6 3. Bb5 a6 4. Ba4 d6 5. O-O Bg4 6. c3 Qf6 7. d3 b5 8. Bc2
Bxf3 9. Qxf3 Qxf3 10. gxf3 g6 11. a4 b4 12. a5 bxc3 13. bxc3 Bg7 14. Be3 Nge7
15. Nd2 O-O 16. Rfb1 Rfb8 17. Nc4 d5 18. Nd2 Rxb1+ 19. Nxb1 Rb8 20. Nd2 Rb2 21.
Bd1 Rb8 22. Nb3 d4 23. Bd2 dxc3 24. Bxc3 Rb5 25. Kf1 Nd4 26. Nd2 Bh6 27. Nc4
Bf4 28. h3 g5 29. Kg2 Ng6 30. Ba4 Rb8 31. Bxd4 exd4 32. Kf1 c5 33. Nb6 Bd2 34.
Nd7 Rc8 35. Bb3 Nf4 36. Bc4 Rc6 37. Bxf7+ Kg7 38. Bc4 Bc3 39. Ra2 Rc7 40. Nb6
Ra7 41. Ra3 Bb4 42. Ra4 Kf6 43. Bd5 Nxd3 44. Nc8 Rc7 45. Nd6 Ke5 46. Nf7+ Kf6
47. Nd6 Ke7 48. Nf5+ Kf6 49. Bc4 Nb2 50. Nd6 Ke5 51. Ra2 Nxc4 52. Nxc4+ Kf4 53.
Ke2 Rc6 54. Ra1 Rc7 55. Rg1 h5 56. Nb6 d3+ 57. Kxd3 Kxf3 58. Rxg5 Kxf2 59. Nd5
Rb7 60. e5 Bxa5 61. e6 Bb4 62. Kc4 Bd2 63. Rf5+ Kg3 64. e7 Rxe7 65. Nxe7 h4 66.
Rd5 Be1 67. Rd3+ Kh2 68. Nf5 a5 69. Kxc5 Bb4+ 70. Kb5 Be1 71. Ka4 Bf2 72. Kxa5
Be1+ 73. Kb5 Bf2 74. Kc4 Be1 75. Kd4 Bf2+ 76. Ke4 Be1 77. Kf4 Bf2 78. Kg4 Be1
79. Rd1 Ba5 80. Nxh4 Be1 81. Nf3+ Kg2 82. Rxe1 Kf2 83. h4 Kg2 84. h5 Kf2 85. h6
Kg2 86. h7 Kf2 87. h8=R Kg2 88. Rh2#  1-0

[Event "M.Chigorin Memorial 2017 "]
[Site "?????-?????????"]
[Date "2017.10.24"]
[Round "4"]
[Board "149"]
[White "Gordon, Evgeny"]
[Black "Kobozev, Aleksandr"]
[Result "1-0"]
[WhiteElo "1990"]
[BlackElo "1554"]
[PlyCount "95"]
[EventDate "2017.10.21"]
[EventRounds "9"]
[EventCountry "RUS"]

1. d4 d5 2. c4 dxc4 3. e3 Nf6 4. Bxc4 e6 5. Nf3 c5 6. O-O Be7 7. Qe2 a6 8. a4
O-O 9. dxc5 Bxc5 10. b3 b6 11. Rd1 Qc7 12. Bb2 Nbd7 13. Nbd2 Bb7 14. Rac1 Qd8
15. Nf1 Qe7 16. Ng3 Ba3 17. Bd3 Bxb2 18. Qxb2 Nc5 19. Bc2 Rfd8 20. Qb1 a5 21.
Nd4 h6 22. Qb2 Nfe4 23. Nxe4 Nxe4 24. Qb1 Nd6 25. Bd3 Qg5 26. Nc6 Rac8 27. h4
Qg4 28. f3 Qg3 29. Nxd8 Rxd8 30. Be2 Rf8 31. e4 f5 32. Qd3 Nf7 33. Qd7 Bc8 34.
Qc7 Ne5 35. Rd8 Ba6 36. Rxf8+ Kxf8 37. Qd8+ Kf7 38. Qd2 Bxe2 39. Qxe2 Qxh4 40.
exf5 Qd4+ 41. Kf1 exf5 42. Rd1 Qf4 43. Re1 Kf6 44. Qe3 Qh2 45. Qxb6+ Kg5 46.
Qg1 Qxg1+ 47. Kxg1 Kf4 48. g3+  1-0

[Event "M.Chigorin Memorial 2017 "]
[Site "?????-?????????"]
[Date "2017.10.24"]
[Round "4"]
[Board "150"]
[White "Khalilov, Emin"]
[Black "Chekletsov, Egor"]
[Result "0-1"]
[WhiteElo "1470"]
[BlackElo "1970"]
[PlyCount "52"]
[EventDate "2017.10.21"]
[EventRounds "9"]
[EventCountry "RUS"]

1. e4 c5 2. Nf3 e6 3. d4 cxd4 4. Nxd4 a6 5. Nc3 Qc7 6. Bd3 Nf6 7. O-O b5 8. a3
Bb7 9. Be3 d6 10. h3 Nbd7 11. Nb3 Nc5 12. Nxc5 dxc5 13. f3 c4 14. Be2 Bd6 15.
Qe1 O-O 16. Bf2 Nh5 17. Bd1 Ng3 18. Bxg3 Bxg3 19. Qe2 Rad8 20. Nb1 f5 21. exf5
exf5 22. c3 Rfe8 23. Qc2 Qf4 24. Kh1 Qe3 25. a4 Qe1 26. Rg1 Qxg1+  0-1

[Event "M.Chigorin Memorial 2017 "]
[Site "?????-?????????"]
[Date "2017.10.24"]
[Round "4"]
[Board "151"]
[White "Atakishiyev, Elmar"]
[Black "Uspenskaya, Ksenia"]
[Result "1-0"]
[WhiteElo "1969"]
[BlackElo "1073"]
[PlyCount "59"]
[EventDate "2017.10.21"]
[EventRounds "9"]
[EventCountry "RUS"]

1. e4 d5 2. exd5 Nf6 3. c4 e6 4. d4 exd5 5. Nf3 Nc6 6. Nc3 Bb4 7. Be2 O-O 8.
O-O Bf5 9. Bg5 dxc4 10. Bxc4 h6 11. Bh4 Re8 12. Qb3 Rf8 13. d5 Bxc3 14. dxc6 g5
15. Qxc3 gxh4 16. Qe5 Bg6 17. Rad1 Ng4 18. Rxd8 Nxe5 19. Rxf8+ Kxf8 20. Nxe5
bxc6 21. Nxg6+ fxg6 22. Rd1 Rb8 23. b3 Re8 24. f3 Re7 25. Kf2 Kg7 26. Rd8 Re5
27. Rd7+ Kf6 28. Rxc7 Ra5 29. Rxc6+ Kg5 30. a4  1-0

[Event "M.Chigorin Memorial 2017 "]
[Site "?????-?????????"]
[Date "2017.10.24"]
[Round "4"]
[Board "152"]
[White "Shemakhanov, Danila"]
[Black "Shmoilov, Dmitry"]
[Result "1/2-1/2"]
[WhiteElo "1542"]
[BlackElo "1962"]
[PlyCount "120"]
[EventDate "2017.10.21"]
[EventRounds "9"]
[EventCountry "RUS"]

1. e4 c6 2. c4 d5 3. exd5 cxd5 4. cxd5 Nf6 5. Bb5+ Nbd7 6. Nc3 a6 7. Bxd7+ Bxd7
8. Qb3 e5 9. Nf3 Bd6 10. O-O O-O 11. Re1 e4 12. Nxe4 Nxe4 13. Rxe4 Bf5 14. Re3
Bf4 15. Re1 Re8 16. Rxe8+ Qxe8 17. d4 Bd6 18. Be3 Qb5 19. Qxb5 axb5 20. Re1 f6
21. a3 b4 22. axb4 Bxb4 23. Bd2 Bd6 24. Nh4 Bd7 25. Bc3 g5 26. Nf3 b5 27. Ne5
fxe5 28. dxe5 b4 29. Bd4 Re8 30. f3 Bb5 31. Kf2 Bb8 32. b3 Ba6 33. h4 h6 34. d6
Bc8 35. hxg5 hxg5 36. g3 Be6 37. Bc5 Bxb3 38. d7 Rd8 39. e6 Bxe6 40. Rxe6 Bc7
41. Bxb4 Rxd7 42. Re7 Bb6+ 43. Kg2 Rd5 44. Rb7 Bd8 45. Kh3 Rd4 46. Be7 Bxe7 47.
Rxe7 Rd5 48. Kg4 Rb5 49. Kh5 Kf8 50. Re4 Kf7 51. Rc4 Rf5 52. Rc7+ Kf6 53. g4
Rxf3 54. Rc6+ Kg7 55. Kxg5 Ra3 56. Rc7+ Kg8 57. Kh5 Ra6 58. g5 Rb6 59. Rc5 Ra6
60. Kg4 Rb6  1/2-1/2

[Event "M.Chigorin Memorial 2017 "]
[Site "?????-?????????"]
[Date "2017.10.24"]
[Round "4"]
[Board "153"]
[White "Orlov, Alexandr"]
[Black "Zolotyh, Lev"]
[Result "1/2-1/2"]
[WhiteElo "2075"]
[BlackElo "1831"]
[PlyCount "59"]
[EventDate "2017.10.21"]
[EventRounds "9"]
[EventCountry "RUS"]

1. b3 e5 2. Bb2 Nc6 3. e3 Nf6 4. Nf3 e4 5. Nd4 Bc5 6. Nf5 O-O 7. d4 exd3 8.
Bxd3 d6 9. Nc3 Ne5 10. Na4 Bb4+ 11. c3 Ba5 12. b4 Bb6 13. Nxb6 axb6 14. Qe2 Be6
15. O-O Qd7 16. Nd4 Nxd3 17. Qxd3 d5 18. f3 Rfe8 19. Rfd1 c5 20. Nxe6 Qxe6 21.
Re1 Re7 22. a3 Rae8 23. Re2 c4 24. Qd4 b5 25. Rae1 Qe5 26. Qc5 Qg5 27. Qd4 Qe5
28. Qc5 Qg5 29. Qd4 Qe5 30. Qc5  1/2-1/2

[Event "M.Chigorin Memorial 2017 "]
[Site "?????-?????????"]
[Date "2017.10.24"]
[Round "4"]
[Board "154"]
[White "Smorodkin, Kirill"]
[Black "Tskhadadze, Anna"]
[Result "1-0"]
[WhiteElo "1769"]
[BlackElo "2073"]
[PlyCount "45"]
[EventDate "2017.10.21"]
[EventRounds "9"]
[EventCountry "RUS"]

1. e4 e6 2. d4 d5 3. Nd2 dxe4 4. Nxe4 Bd7 5. Nf3 Bc6 6. Neg5 Be7 7. Bd3 Bxf3 8.
Qxf3 Bxg5 9. Bxg5 Qc8 10. O-O c6 11. c4 Qd7 12. d5 Na6 13. dxe6 fxe6 14. Rad1
Qf7 15. Qh3 Nf6 16. Rfe1 Ke7 17. Bf5 Nc7 18. Qa3+ Ke8 19. Rd6 Qh5 20. Rdxe6+
Nxe6 21. Rxe6+ Kf7 22. Re7+ Kf8 23. Rxb7+  1-0

[Event "M.Chigorin Memorial 2017 "]
[Site "?????-?????????"]
[Date "2017.10.24"]
[Round "4"]
[Board "155"]
[White "Klevets, Ksenia"]
[Black "Shakhmatov, Roman"]
[Result "0-1"]
[WhiteElo "1948"]
[BlackElo "1787"]
[PlyCount "96"]
[EventDate "2017.10.21"]
[EventRounds "9"]
[EventCountry "RUS"]

1. e4 e6 2. d4 d5 3. e5 c5 4. c3 Nc6 5. Nf3 Bd7 6. g3 Nge7 7. h4 cxd4 8. cxd4
Qb6 9. Bh3 Nf5 10. Bxf5 exf5 11. O-O Be7 12. Nc3 Be6 13. b3 Rc8 14. Ne2 h6 15.
Be3 O-O 16. Ne1 Rc7 17. Nd3 Nb4 18. Nc5 Bxc5 19. dxc5 Qa6 20. Nf4 d4 21. Bd2
Nd5 22. Nxd5 Bxd5 23. Bb4 d3 24. Qd2 Rd8 25. Qf4 Be6 26. Rfd1 Rd5 27. Qc4 Qxc4
28. bxc4 Rd4 29. Rac1 Rcd7 30. Rc3 a6 31. a3 f4 32. Rd2 Bf5 33. Kg2 fxg3 34.
fxg3 Re4 35. c6 bxc6 36. Bd6 Re1 37. Rb3 Rd8 38. c5 f6 39. exf6 gxf6 40. Kf2
Rde8 41. Rb8 Rxb8 42. Kxe1 Rb1+ 43. Rd1 Rb3 44. Ra1 Rb2 45. Bf4 h5 46. Rc1 Re2+
47. Kf1 Bh3+ 48. Kg1 d2  0-1

[Event "M.Chigorin Memorial 2017 "]
[Site "?????-?????????"]
[Date "2017.10.24"]
[Round "4"]
[Board "156"]
[White "Nikitin, Vladimir"]
[Black "Terzyan, Nazar"]
[Result "1-0"]
[WhiteElo "1925"]
[BlackElo "1717"]
[PlyCount "127"]
[EventDate "2017.10.21"]
[EventRounds "9"]
[EventCountry "RUS"]

1. Nf3 d5 2. g3 Nf6 3. Bg2 Bf5 4. O-O e6 5. c4 c6 6. d3 Nbd7 7. Nc3 Be7 8. Be3
c5 9. cxd5 exd5 10. Bf4 d4 11. Nb5 O-O 12. a4 Nh5 13. Bc7 Qc8 14. Bd6 Qd8 15.
b4 Bg4 16. bxc5 Nxc5 17. Bxe7 Qxe7 18. Nbxd4 Rad8 19. a5 Rfe8 20. Re1 Nf6 21.
h3 Bxf3 22. Nxf3 Nce4 23. Qc2 Rc8 24. Qb2 Nc3 25. e3 Red8 26. Nd4 Ncd5 27. Rab1
Rc7 28. Nf5 Qd7 29. Nd4 Rdc8 30. Nb5 Rc2 31. Qe5 Re8 32. Qd4 a6 33. Na3 Rc6 34.
Nc4 Qe6 35. Rxb7 Rcc8 36. Nb6 Nxb6 37. Rxb6 Qa2 38. Ra1 Qd2 39. Rb2 Rc1+ 40.
Rxc1 Qxc1+ 41. Kh2 Qe1 42. Qb4 Qa1 43. Qc3 Qd1 44. Bb7 Qh5 45. Kg2 h6 46. Bf3
Qf5 47. e4 Qd7 48. Rb3 Rc8 49. Qb2 Qc7 50. Rb6 Nd7 51. Rb7 Qd6 52. d4 Rc4 53.
Bg4 Nf8 54. Rb6 Qxd4 55. Qxd4 Rxd4 56. Bf3 Ne6 57. Rxa6 Ra4 58. Ra8+ Kh7 59.
Ra7 Ra3 60. e5 Nd4 61. Be4+ g6 62. Rxf7+ Kg8 63. Ra7 g5 64. e6  1-0

[Event "M.Chigorin Memorial 2017 "]
[Site "?????-?????????"]
[Date "2017.10.24"]
[Round "4"]
[Board "157"]
[White "Kairbekova, Amina"]
[Black "Chekletsova, Darya"]
[Result "1-0"]
[WhiteElo "1916"]
[BlackElo "1636"]
[PlyCount "153"]
[EventDate "2017.10.21"]
[EventRounds "9"]
[EventCountry "RUS"]

1. e4 c5 2. Nf3 d6 3. d4 cxd4 4. Nxd4 Nf6 5. Nc3 a6 6. Be2 Qc7 7. a4 b6 8. f4
Bb7 9. Bf3 Nbd7 10. O-O e6 11. Kh1 e5 12. Nf5 g6 13. Ng3 Bg7 14. f5 O-O 15. Be3
Rac8 16. Qd2 Nc5 17. Bh6 Rcd8 18. Bxg7 Kxg7 19. h4 h6 20. b4 Ncd7 21. fxg6 fxg6
22. h5 g5 23. Nf5+ Kh7 24. Qxd6 Qxd6 25. Nxd6 Ba8 26. Be2 Nb8 27. Nc4 Nxe4 28.
Nxe4 Bxe4 29. c3 Rxf1+ 30. Rxf1 Nd7 31. Nd6 Bd5 32. Bd3+ e4 33. Nxe4 Bxe4 34.
Bxe4+ Kg7 35. Rd1 Kf8 36. Bb7 a5 37. Rd6 Ke7 38. Rxh6 Nf6 39. Rg6 Nxh5 40. Rxg5
Rh8 41. bxa5 bxa5 42. Rxa5 Nf4+ 43. Kg1 Ne2+ 44. Kf2 Nxc3 45. Bf3 Rh4 46. Ra7+
Kd6 47. a5 Ra4 48. Ra6+ Ke5 49. Rc6 Kd4 50. a6 Ra2+ 51. Kg3 Ra3 52. Kg4 Ra5 53.
Rf6 Ra2 54. Kg5 Kc5 55. Rc6+ Kb4 56. g4 Nb5 57. Kg6 Nd4 58. Rf6 Kb5 59. Bb7 Nc2
60. Rf2 Kb6 61. Kh7 Ra4 62. g5 Rh4+ 63. Kg7 Nb4 64. g6 Nd3 65. Rf6+ Ka7 66. Kg8
Ne5 67. g7 Rc4 68. Kh7 Nd7 69. Rd6 Rh4+ 70. Kg6 Rg4+ 71. Kh7 Rh4+ 72. Rh6 Rxh6+
73. Kxh6 Nf6 74. Kg6 Ng8 75. Bd5 Ne7+ 76. Kf7 Nxd5 77. g8=Q  1-0

[Event "M.Chigorin Memorial 2017 "]
[Site "?????-?????????"]
[Date "2017.10.24"]
[Round "4"]
[Board "158"]
[White "Sokolov, Ilia"]
[Black "Moskaleva, Arina"]
[Result "1-0"]
[WhiteElo "1909"]
[BlackElo "1536"]
[PlyCount "113"]
[EventDate "2017.10.21"]
[EventRounds "9"]
[EventCountry "RUS"]

1. Nf3 Nf6 2. g3 d5 3. Bg2 c6 4. O-O Bg4 5. d4 Nbd7 6. Nbd2 Qc7 7. Re1 e6 8. e4
dxe4 9. Nxe4 Nxe4 10. Rxe4 Nf6 11. Re1 Be7 12. c3 O-O 13. Bf4 Bd6 14. Bxd6 Qxd6
15. Qb3 Qc7 16. Ne5 Bf5 17. a4 Nd7 18. a5 Rab8 19. Qc4 Rfc8 20. b4 Nxe5 21.
Rxe5 h6 22. Ra3 a6 23. Qc5 Qd8 24. Ra1 Qf6 25. Re3 Bg4 26. Qe5 Qxe5 27. Rxe5
Bf5 28. Rc5 Kf8 29. c4 Bd3 30. Ra3 Bg6 31. b5 Rd8 32. Rb3 axb5 33. cxb5 cxb5
34. d5 exd5 35. Bxd5 Ra8 36. Rbxb5 Bd3 37. Rxb7 Rxd5 38. Rxd5 Be4 39. Rbb5 Bxd5
40. Rxd5 Ra6 41. Rb5 Ke7 42. Kg2 g6 43. f4 Rc6 44. Rb7+ Kf8 45. Kf3 Rc3+ 46.
Ke4 Ra3 47. Rb5 Ke7 48. Kd5 Rd3+ 49. Kc6 Rc3+ 50. Kb6 Kd6 51. a6 Rc6+ 52. Kb7
Rc7+ 53. Kb8 Re7 54. a7 Kc6 55. a8=Q+ Kxb5 56. Qd5+ Ka4 57. Qc4+  1-0

[Event "M.Chigorin Memorial 2017 "]
[Site "?????-?????????"]
[Date "2017.10.24"]
[Round "4"]
[Board "159"]
[White "Yakovlev, Yuri S."]
[Black "Naryshkina, Irina"]
[Result "1-0"]
[WhiteElo "1876"]
[BlackElo "1382"]
[PlyCount "57"]
[EventDate "2017.10.21"]
[EventRounds "9"]
[EventCountry "RUS"]

1. e4 e5 2. Nf3 Nc6 3. Bc4 Nf6 4. d4 Bb4+ 5. c3 Be7 6. Nxe5 Nxe5 7. dxe5 Ng8 8.
Qd5 Nh6 9. Bxh6 O-O 10. Be3 c6 11. Qd2 b5 12. Bb3 Bb7 13. O-O c5 14. Bd5 Qc7
15. Bf4 Qb6 16. Bxb7 Qxb7 17. Qd5 Qc8 18. Na3 a6 19. Rad1 g5 20. Bg3 Ra7 21. f4
Kg7 22. fxg5 Bxg5 23. Bf4 h6 24. Bxg5 hxg5 25. Qd6 Rc7 26. Qf6+ Kh7 27. Qxg5
Rc6 28. Rf6 Rxf6 29. exf6  1-0

[Event "M.Chigorin Memorial 2017 "]
[Site "?????-?????????"]
[Date "2017.10.24"]
[Round "4"]
[Board "160"]
[White "Astakhov, Dmitrii"]
[Black "Efimenko, Aleksandr"]
[Result "1-0"]
[WhiteElo "1490"]
[BlackElo "1865"]
[PlyCount "61"]
[EventDate "2017.10.21"]
[EventRounds "9"]
[EventCountry "RUS"]

1. d4 d5 2. c4 e6 3. Nc3 c6 4. cxd5 exd5 5. Nf3 Bf5 6. Bf4 Nd7 7. e3 Qb6 8. Qb3
Qxb3 9. axb3 Bc2 10. Nd2 Ngf6 11. Be2 Bb4 12. O-O O-O 13. Rfc1 Bg6 14. h3 Rfe8
15. g4 h6 16. h4 a6 17. g5 hxg5 18. hxg5 Nh7 19. Kg2 Ndf8 20. Bg4 Ne6 21. Bxe6
Rxe6 22. Rh1 Be7 23. Nf3 Bc2 24. Rh2 Bxb3 25. Rah1 Bc2 26. e4 f5 27. Rxh7 Rf8
28. Ne5 Rxe5 29. Bxe5 Kf7 30. Rxg7+ Ke8 31. Rhh7  1-0

[Event "M.Chigorin Memorial 2017 "]
[Site "?????-?????????"]
[Date "2017.10.24"]
[Round "4"]
[Board "161"]
[White "Golovanskikh, Dmitriy"]
[Black "Bulsoev, Alexander"]
[Result "0-1"]
[WhiteElo "1471"]
[BlackElo "1853"]
[PlyCount "58"]
[EventDate "2017.10.21"]
[EventRounds "9"]
[EventCountry "RUS"]

1. d4 d5 2. Nf3 c6 3. Bf4 Nf6 4. e3 Bf5 5. Bd3 Bxd3 6. cxd3 e6 7. O-O Be7 8.
Nc3 Nbd7 9. h3 Rc8 10. Ne5 Nxe5 11. Bxe5 O-O 12. Rc1 Bd6 13. Bxd6 Qxd6 14. Qe2
Nd7 15. Rc2 c5 16. dxc5 Rxc5 17. d4 Rc6 18. Rfc1 Rfc8 19. Na4 g6 20. b3 b5 21.
Nb2 Nf6 22. Nd3 Ne4 23. Ne5 Rc3 24. f3 Qc7 25. Nc4 Ng3 26. Qf2 Rxc2 27. Rxc2
bxc4 28. bxc4 Rb8 29. Rc1 dxc4  0-1

[Event "M.Chigorin Memorial 2017 "]
[Site "?????-?????????"]
[Date "2017.10.24"]
[Round "4"]
[Board "162"]
[White "Serov, Aleksandr"]
[Black "Strybuk, Artsiom I"]
[Result "0-1"]
[WhiteElo "1456"]
[BlackElo "1834"]
[PlyCount "50"]
[EventDate "2017.10.21"]
[EventRounds "9"]
[EventCountry "RUS"]

1. d4 Nf6 2. c4 c5 3. d5 b5 4. cxb5 a6 5. Nc3 axb5 6. Nxb5 Qa5+ 7. Nc3 d6 8.
Bd2 g6 9. Ne4 Qb6 10. Nxf6+ exf6 11. Bc3 Bg7 12. e4 O-O 13. Bd3 Re8 14. Ne2 Ba6
15. O-O Nd7 16. f4 c4+ 17. Bd4 cxd3 18. Bxb6 dxe2 19. Qd4 exf1=Q+ 20. Rxf1 Bxf1
21. Kxf1 f5 22. e5 dxe5 23. fxe5 Bxe5 24. Qf2 Rxa2 25. Bd4 Ra1+  0-1

[Event "M.Chigorin Memorial 2017 "]
[Site "?????-?????????"]
[Date "2017.10.24"]
[Round "4"]
[Board "163"]
[White "Nikonov, Alexej"]
[Black "Popova, Polina"]
[Result "1-0"]
[WhiteElo "2052"]
[BlackElo "1560"]
[PlyCount "83"]
[EventDate "2017.10.21"]
[EventRounds "9"]
[EventCountry "RUS"]

1. d4 Nf6 2. Nf3 e6 3. g3 b6 4. Bg2 d5 5. O-O Be7 6. c4 O-O 7. cxd5 Nxd5 8. e4
Nf6 9. Nc3 Bb7 10. Re1 h6 11. Ne5 Nbd7 12. Nxd7 Nxd7 13. d5 Ne5 14. Bf4 Ng6 15.
Be3 exd5 16. exd5 Rb8 17. Qb3 Kh8 18. Rac1 a6 19. Rcd1 f5 20. Ne2 Bd6 21. Nd4
Qd7 22. Ne6 Rf7 23. Bd4 a5 24. a3 a4 25. Qc3 Rc8 26. Qd2 f4 27. Be4 Ne5 28.
gxf4 Ng4 29. Bg6 Re7 30. Bf5 Bxd5 31. Nxg7 Rxg7 32. Bxd7 Ne5+ 33. Kf1 Bg2+ 34.
Ke2 Bf3+ 35. Ke3 Nc4+ 36. Kxf3 Nxd2+ 37. Rxd2 Rf8 38. Re8 Kg8 39. Be6+ Rgf7 40.
Rxf8+ Kxf8 41. Bxf7 Kxf7 42. Bxb6  1-0

[Event "M.Chigorin Memorial 2017 "]
[Site "?????-?????????"]
[Date "2017.10.24"]
[Round "4"]
[Board "164"]
[White "Babotin, Nikita"]
[Black "Shavykin, Oleg"]
[Result "0-1"]
[WhiteElo "1530"]
[BlackElo "2002"]
[PlyCount "62"]
[EventDate "2017.10.21"]
[EventRounds "9"]
[EventCountry "RUS"]

1. e4 e6 2. d4 d5 3. exd5 exd5 4. Nc3 c6 5. Nf3 Bd6 6. Be3 Bg4 7. Be2 Nd7 8.
Qd2 Qc7 9. h3 Be6 10. O-O-O Ne7 11. g4 f6 12. Bd3 b5 13. Rhe1 Rb8 14. Ne2 Nb6
15. Bf4 Kd7 16. Bxd6 Qxd6 17. Nf4 Bf7 18. Bf5+ Nxf5 19. gxf5 Nc4 20. Re7+ Qxe7
21. Qd3 Qb4 22. Qb3 Qxb3 23. axb3 Nd6 24. Nh4 Ne4 25. f3 Ng5 26. Rg1 g6 27. Rg3
Rbe8 28. fxg6 hxg6 29. Nfxg6 Bxg6 30. Nxg6 Rxh3 31. Rxh3 Nxh3  0-1

[Event "M.Chigorin Memorial 2017 "]
[Site "?????-?????????"]
[Date "2017.10.24"]
[Round "4"]
[Board "165"]
[White "Aslanov, Umid"]
[Black "Nuritdinov, Nizomitdin"]
[Result "1/2-1/2"]
[WhiteElo "1520"]
[BlackElo "1924"]
[PlyCount "97"]
[EventDate "2017.10.21"]
[EventRounds "9"]
[EventCountry "RUS"]

1. e4 d6 2. d4 Nf6 3. f3 g6 4. Be3 Bg7 5. Nc3 O-O 6. Qd2 e5 7. d5 Nh5 8. Bd3 a6
9. O-O-O b5 10. Nce2 c5 11. dxc6 Nxc6 12. g4 Nf6 13. h4 Qa5 14. Qxa5 Nxa5 15.
g5 Nh5 16. Bb6 Nb7 17. Nc3 Be6 18. Be2 Nf4 19. Bc7 Rfc8 20. Bxd6 Nxd6 21. Rxd6
Bf8 22. Rd1 Bc5 23. Bf1 Bd4 24. Nce2 Be3+ 25. Kb1 Rd8 26. Nc3 b4 27. Nd5 Nxd5
28. exd5 Bxd5 29. Be2 Bc4 30. Bd3 Bd5 31. Be2 e4 32. fxe4 Bxe4 33. Nf3 Rdc8 34.
Ka1 Rxc2 35. Bd3 Bxf3 36. Bxc2 Bxh1 37. Rxh1 Rc8 38. Kb1 Rc7 39. Bb3 Kg7 40.
Bd5 a5 41. Rf1 Re7 42. Bb3 Kf8 43. Bd5 a4 44. b3 a3 45. Bc4 Rc7 46. Kc2 Rd7 47.
Rf3 Bd4 48. Rf4 Bc3 49. Rf2  1/2-1/2